000
00268nam a2200109Ia 4500
008
200302s9999 xx 000 0 und d
100
_a
Jane Jacobs
245
_a
Cities and the Wealth of Nations
260
_b
Great Britain By Viking
260
_c
1985
300
_a
257 P.,
999
_c
5679
_d
5679